000 00681nam a2200193 a 4500
005 20191224041801.0
008 140319s1990 wauab fr|||| 000 0 eng d
040 _aCO-BoIAVH
_cCO-BoIAVH
041 0 _aeng
044 _axxu
082 0 4 _a353.95
_bO68d
110 2 _bOrganization of American States
245 1 0 _aDisasters, planning, and development :
_bmanaging natural hazards to reduce loss
260 _aWashington :
_bOrganization of American States,
_c1990.
300 _a80 pƔginas :
_bIlustraciones, mapas;
_c28 x 22 cm.
650 6 _aDesastres naturales
_xPrevención
650 6 _aDesastres Naturales
_xMedidas de Seguridad
942 _cLIBRO
_2ddc
999 _c5278
_d5278